000
00278nam a22001217a 4500
999
_c
15497
_d
15497
020
_a
8170141362
082
_a
658.1
_b
PRA/OR
100
_a
Prasad, L.M
_9
3250
245
_a
Organisational behaviour
260
_a
New Delhi
_b
Sultan Chand& Sons
_c
1997
300
_a
550
942
_c
BK